000
00273nam a2200097Ia 4500
001
1051851
005
20250827001235.0
008
250824s9999 xx 000 0 und d
245
0
_a
FATİH SULTAN MEHMET VE İSTANBULUN FETHİ
_c
YAVUZ BAHADIROĞLU
260
_b
PANAMA YAYINLARI
999
_c
1051851
_d
1051851